Hold them down - Epic the musical - Lyrics - Statistics

General Stats
  • This quiz has been taken 420 times
  • The average score is 320 of 380
Answer Stats
Answer % Correct
the
99%
The
99%
down
98%
he
98%
I
98%
a
97%
Hold
97%
is
97%
and
96%
And
96%
her
96%
who
96%
we
95%
We
95%
be
94%
can
93%
his
93%
this
92%
This
92%
us
92%
Will
92%
will
92%
No
91%
no
91%
Where
91%
where
91%
get
90%
queen
90%
throne
90%
to
90%
boy
89%
have
89%
king
89%
you
89%
bow
88%
him
88%
in
88%
old
88%
on
88%
pride
88%
While
88%
while
88%
at
87%
string
87%
as
86%
here
86%
Here
86%
how
86%
king's
86%
man
86%
prince
86%
they
86%
don't
85%
Don't
85%
for
85%
gets
85%
shoot
85%
sit
85%
Stop
85%
axes
84%
colder
84%
new
84%
not
84%
of
84%
through
84%
twelve
84%
when
83%
When
83%
Whoever
83%
break
82%
Penelope
82%
Screw
82%
slowly
82%
cleanly
81%
heard
81%
None
81%
now
81%
our
81%
throat
81%
'til
81%
been
80%
competition
80%
hell
80%
know
80%
mission
80%
see
80%
take
80%
Can't
79%
diplomatic
79%
so
79%
We've
79%
age
78%
bolder
78%
hours
78%
more
78%
power
78%
rage
78%
shaking
78%
slit
78%
Then
78%
then
78%
we're
78%
action
77%
back
77%
challenge
77%
he's
77%
stops
77%
bones
76%
damn
76%
played
76%
say
76%
today
76%
chance
75%
wait
74%
being
73%
control
73%
guys
73%
it
73%
Let
73%
let
73%
There's
73%
there's
73%
around
72%
beaches
72%
one
72%
them
72%
town
72%
arrives
71%
comes
71%
door
70%
from
70%
go
70%
who's
70%
gather
69%
ocean
69%
missing
68%
near
68%
Only
68%
taste
68%
Haven't
67%
ship
67%
we'll
67%
noticed
66%
bedroom
65%
breaking
65%
soul
65%
strike
65%
your
65%
delays
64%
fire
64%
inside
63%
trust
63%
waste
63%
crown
61%
faith
61%
taking
61%
any
60%
below
60%
Burn
60%
burn
60%
docks
60%
love
60%
part
60%
pieces
60%
tiny
60%
ashes
59%
Cut
59%
done
59%
great
59%
Channel
58%
deed
57%
open
57%
into
56%
wonders
56%
gate
55%
Throw
55%
spoils
53%
breach
52%
share
52%
leave
49%
No matching quizzes found
Score Distribution
Percent of People with Each Score
Percentile by Number Answered
Your Score History
You have not taken this quiz